Państwa z największą ilością rezerw złota - Statystyki

Ogólne statystyki
  • Ten quiz został rozwiązany 40 razy
  • Średni wynik to 8 z 10
Statystyki odpowiedzi
Ilość w tonach Państwo % Poprawnych
2 436 Francja
100%
8 133 Stany Zjednoczone
100%
1 948 Chiny
97%
2 299 Rosja
94%
3 359 Niemcy
92%
2 452 Włochy
89%
846 Japonia
86%
754 Indie
75%
1 040 Szwajcaria
69%
612 Holandia
44%
Nie znaleziono quizów pasujących do podanych kryteriów
Rozkład punktacji
Procent ludzi z każdym wynikiem
Percentyl według liczby udzielonych odpowiedzi
Twoja historia wyników
Nie rozwiązałeś tego quizu